Представление документа в формате MARC21

ПолеНазваниеЗначение
  Тип записи a
  Библиографический уровень m
001 Контрольный номер RU\infra-m\znanium\bibl\2216583
005 Дата корректировки 20260429142154.7
008 Кодируемые данные 250707s2025 RU g rus u
020 Индекс ISBN __
a ISBN 978-5-00156-195-8
020 Индекс ISBN __
a ISBN 978-5-16-109696-3 (электр. издание)
020 Индекс ISBN __
a ISBN 978-5-16-018353-4 (ISBN соиздателя)
040 Источник каталогиз. __
a Служба первич. каталог. Общество с ограниченной ответственностью «ЗНАНИУМ»
041 Код языка издания __
a Код языка текста rus
044 Код страны публикации __
a Код страны публикации RU
080 Индекс УДК __
a Индекс УДК 340.1
084 Индекс другой классификации/Индекс ББК __
2 Источник индекса rubbk
a Индекс другой классификации/Индекс ББК 67.0
084 Индекс другой классификации/Индекс ББК __
2 Источник индекса okso
a Индекс другой классификации/Индекс ББК 40.03.01
084 Индекс другой классификации/Индекс ББК __
2 Источник индекса okso
a Индекс другой классификации/Индекс ББК 40.04.01
100 Автор __
a Автор Коновалов А.В.
245 Заглавие __
a Заглавие Принципы права
b Продолж. заглавия Монография
250 Сведения об издании __
a Основные сведения об издании 1
260 Выходные данные __
a Место издания Москва
b Издательство ООО "Юридическое издательство Норма"
c Дата издания 2026
300 Физическое описание __
a Объем 792 с.
520 Аннотация __
a Аннотация Книга «Принципы права» — уникальное исследование на стыке теории и философии права частного и публичного права психологии и социологии. На основании подробного анализа имеющегося в России и за рубежом опыта теории и практики правового регулирования автор предлагает первое за многие десятилетия понимание принципов права происходящее из философии объективного идеализма и концепции естественного права и формулирует беспрецедентно широкую детализированную и ориентированную на практические запросы правоприменения систему из 300 принципов частного и публичного права. В этом фундаментальном труде рассматривается практически весь спектр вопросов теоретической и практической юриспруденции определяются параметры модели оптимальной правовой организации общества дается прогноз будущего развития права в глобальном мире. Для специалистов в области теории и философии права практического отраслевого правового регулирования.
521 Примеч. о цел. назн. __
a Примеч. о целев. назн. Дополнительное профессиональное образование
650 Тематические рубрики __
a Основная рубрика Право. Юридические науки
x Основная подрубрика Теория права. Правоведение
655 Указ. предметных рубрик (устаревшее) __
a Жанр/ форма (устаревшее) Монография
856 Электронный адрес документа 4_
a Имя сервера/домена znanium.ru
m Помощь ebs_support@infra-m.ru
n Местонахождение сервера НИЦ ИНФРА-М
u URL https://znanium.ru/catalog/document?id=467110
856 Электронный адрес документа 48
a Имя сервера/домена znanium.ru
d Путь /cover/2216
f Электронное имя 2216583.jpg
q Тип электронного формата image/jpeg
u URL https://znanium.ru/cover/2216/2216583.jpg
911 __
u 0030=https://znanium.ru/catalog/document?id=467110